| 000 | 00999nam a2200325 i 4500 | ||
|---|---|---|---|
| 999 |
_c7654 _d7654 |
||
| 001 | 991060724938506706 | ||
| 003 | OSt | ||
| 005 | 20230322110855.0 | ||
| 008 | 220802e202209 spca|||j |||| 0|1 0 spa| | ||
| 015 |
_aLL2022 _2bnc |
||
| 017 |
_aDL B 358-2022 _bBiblioteca de Catalunya |
||
| 020 | _a9788418304392 | ||
| 040 |
_aES-BaBC _bcat _erda _cCDMR |
||
| 041 | 1 |
_aspa _hcat |
|
| 080 |
_a070.16 _22004 |
||
| 080 |
_a659.3:37.014.22 _22004 |
||
| 100 | 1 |
_aCarrillo, Nereida _93578 |
|
| 240 | 1 | 0 |
_aFake over. _lCastellà |
| 245 | 1 | 0 |
_aFake over / _ctexto de Nereida Carrillo ; ilustraciones de Alberto Montt ; traducción del catalán: Blanca Gago |
| 264 | 1 |
_aBarcelona : _bFlamboyant, _c2022 |
|
| 300 |
_a116 pàgines : _bil·lustracions en color ; _c23 cm |
||
| 546 | _aText en castellà | ||
| 650 | 7 |
_aFake news _2lemac |
|
| 650 | 7 |
_aAlfabetització mediàtica _2lemac |
|
| 650 | 0 |
_aDesinformació _94286 |
|
| 700 | 1 | _aMontt, Alberto, | |
| 908 |
_aBC _aUB |
||
| 940 | _aBC | ||
| 942 |
_2udc _cMON |
||